00894nam a2200301Ia 4500008004100000020001500041082001000056082000900066100002500075245003500100245005600135250001100191260003300202300001200235300002000247440002400267600003400291650001700325650002500342650002500367650002200392700002800414264002700442336002700469337003300496338002800529040003500557141031s9999 xx 000 0 und d a8489804087 a927.5 bD18r aDavid, Thomas, 1967- aLeonardo da Vinci : Mona Lisa  b Thomas David ; traducción L. Rodríguez López a2a ed. b Lóguez Lector Joven, 2003 a121 p.  b il., fot. col. aLóguez joven arte aDA VINCI, LEONARDO, 1452-1519 a Biografias  a Desde Los 12 Años a Pintores Italianos  aPintura Italiana  aRodríguez López, L. aSanta Marta de Tormes  atextobtxt2rdacontent asin mediaciónbn2rdamedia avolumenbnc2rdacarrier aCO-BoRNBPbspaerdacCO-BoRNBP